La matemática en la España del siglo XIX / (Record no. 73442)

MARC details
000 -LEADER
campo de control de longitud fija 00918nam a2200217 i 4500
001 - NÚMERO DE CONTROL
campo de control 73442
003 - IDENTIFICADOR DE NÚMERO DE CONTROL
campo de control ES-MaACL
005 - FECHA Y HORA DE LA ÚLTIMA TRANSACCIÓN
campo de control 20250903013728.0
007 - CAMPO FIJO DE DESCRIPCIÓN FÍSICA--INFORMACIÓN GENERAL
campo de control de longitud fija t|
008 - DATOS DE LONGITUD FIJA--INFORMACIÓN GENERAL
campo de control de longitud fija 041013s1982 sp ||||1| spa d
080 ## - NÚMERO DE LA CLASIFICACIÓN DECIMAL UNIVERSAL
Número de la Clasificación Decimal Universal 51(460)"18"
100 1# - ENTRADA PRINCIPAL--NOMBRE DE PERSONA
Nombre de persona García Camarero, Ernesto,
Fechas asociadas al nombre 1932-2022
9 (RLIN) 54320
245 13 - MENCIÓN DEL TÍTULO
Título La matemática en la España del siglo XIX /
Mención de responsabilidad, etc. E. García Camarero.
260 ## - PUBLICACIÓN, DISTRIBUCIÓN, ETC.
Lugar de publicación, distribución, etc. Jaca :
Nombre del editor, distribuidor, etc. Sociedad Española de Historia de las Ciencias,
Fecha de publicación, distribución, etc. 1982.
300 ## - DESCRIPCIÓN FÍSICA
Extensión P. [115]-130 ;
Dimensiones 20 cm.
595 ## -
-- Separata de: Actas II Congreso de la Sociedad Española de Historia de las Ciencias, Área II: La ciencia y la técnica en España entre 1850 y 1936, v. 2, Mariano Hormigón (ed.)
650 14 - PUNTO DE ACCESO ADICIONAL DE MATERIA--TÉRMINO DE MATERIA
Término de materia o nombre geográfico como elemento de entrada Matemáticas-
Subdivisión geográfica España-
Subdivisión cronológica S.XIX
9 (RLIN) 14824
710 2# - ENTRADA AGREGADA--NOMBRE DE ENTIDAD CORPORATIVA
Nombre de entidad corporativa o nombre de jurisdicción como elemento de entrada Sociedad Española de Historia de las Ciencias
9 (RLIN) 6729
852 ## - LOCALIZACIÓN
Ubicación ES-MaACL
Número de control de estantería 2183-F-9
Nota libre - Donat. Ernesto García Camarero
Holdings
Estatus retirado Estado de pérdida Estado de daño No para préstamo Colección Biblioteca de origen Biblioteca actual Ubicación en estantería Fecha de adquisición Fuente de adquisición Total de préstamos Signatura topográfica completa Código de barras Visto por última vez Precio de reemplazo Tipo de ítem Koha
        Colección de folletos Biblioteca del Ateneo de Madrid Biblioteca del Ateneo de Madrid Depósito folletos 17/01/2008     2183-F-9 1076873 23/02/2023 23/02/2023 Folleto